[Event "Titled Tuesday intern op 28th Dec"]
[Site "Chess.com INT"]
[Date "2021.12.28"]
[Round "5"]
[White "Iljushina, Olga"]
[Black "Shtyka, Sergey"]
[Result "1/2-1/2"]
[WhiteElo "2054"]
[BlackElo "2154"]
[PlyCount "140"]
[EventDate "2021.12.28"]
[EventType "swiss (blitz)"]
[EventRounds "11"]
[EventCountry "USA"]
[SourceTitle "CBM 206 Extra"]
[Source "ChessBase"]
[SourceDate "2022.03.31"]
[SourceVersion "1"]
[SourceVersionDate "2022.03.31"]
[SourceQuality "1"]

1. d4 c5 2. d5 e5 3. e4 d6 4. Bb5+ Bd7 5. Bd3 Be7 6. c4 Bg5 7. Nf3 Bxc1 8. Qxc1 Nf6 9. 0-0 0-0 10. Qg5 Qe7 11. Nbd2 a6 12. a4 b6 13. g3 Bh3 14. Rfe1 Nbd7 15. Bf1 Bxf1 16. Nxf1 g6 17. Nh4 Nxd5 18. Qxe7 Nxe7 19. Red1 Nc8 20. Ne3 Nf6 21. f3 Rd8 22. Nhg2 Ne7 23. a5 b5 24. cxb5 axb5 25. a6 Nc6 26. Nc2 Nb8 27. b4 c4 28. Ra5 Rxa6 29. Rxb5 Nc6 30. Nge3 Ra2 31. Rc1 c3 32. Rd1 Kg7 33. Rb6 Rc8 34. Rxd6 Nd4 35. Rxf6 Nxc2 36. Nd5 Nxb4 37. Nxb4 Rb2 38. Rfc6 Rxb4 39. Rxc8 Rxb6 40. Rxc3 Rb2 41. h4 h5 42. Rd3 f5 43. exf5 gxf5 44. Kf1 Kf6 45. Rd6+ Kg7 46. Re6 Rb5 47. Ke2 Kf7 48. Rh6 Rb2+ 49. Kf1 Rb3 50. Kg2 Rb2+ 51. Kh3 Rb3 52. Kg2 Rb2+ 53. Kf1 Rb1+ 54. Ke2 Rb2+ 55. Kd1 Rg2 56. Rxh5 Kf6 57. Rg5 Rf2 58. Rg8 Rxf3 59. h5 Rf2 60. h6 Rh2 61. Rh8 Kg6 62. Re8 e4 63. Re6+ Kh7 64. Rf6 Rxh6 65. Rxf5 Rh3 66. Rg5 Kh6 67. Re5 Rxg3 68. Rxe4 Rg5 69. Re6+ Rg6 70. Rxg6+ Kxg6 1/2-1/2

[Event "Titled Tuesday intern op 28th Dec"]
[Site "Chess.com INT"]
[Date "2021.12.28"]
[Round "2"]
[White "Le Goff, Ronan"]
[Black "Iljushina, Olga"]
[Result "1-0"]
[WhiteElo "2280"]
[BlackElo "2054"]
[PlyCount "109"]
[EventDate "2021.12.28"]
[EventType "swiss (blitz)"]
[EventRounds "11"]
[EventCountry "USA"]
[SourceTitle "CBM 206 Extra"]
[Source "ChessBase"]
[SourceDate "2022.03.31"]
[SourceVersion "1"]
[SourceVersionDate "2022.03.31"]
[SourceQuality "1"]

1. d4 Nf6 2. Nf3 e6 3. Bf4 d5 4. Nbd2 c5 5. e3 cxd4 6. exd4 Nc6 7. c3 Bd6 8. Bg5 h6 9. Bh4 Ne7 10. Bb5+ Bd7 11. Qa4 a6 12. Bxd7+ Qxd7 13. Qxd7+ Nxd7 14. Bxe7 Kxe7 15. 0-0 b5 16. a3 a5 17. Rfe1 Rhb8 18. b4 a4 19. Re3 Rc8 20. Rc1 Rc7 21. Ne1 Nb6 22. Nd3 Nc4 23. Nxc4 Rxc4 24. f4 g6 25. g3 Rac8 26. Nc5 Bxc5 27. bxc5 f6 28. Rb1 Rb8 29. Kf2 Kd7 30. Ke2 e5 31. fxe5 fxe5 32. Rxe5 Rxc3 33. Rxd5+ Kc7 34. Rd6 Rc2+ 35. Kd3 Rxh2 36. Rxg6 Ra2 37. Rf1 Rxa3+ 38. Ke4 Re8+ 39. Kd5 Rd8+ 40. Rd6 Rxd6+ 41. cxd6+ Kd7 42. Rf7+ Kd8 43. Rg7 b4 44. d7 Rd3 45. Kc6 Rxd4 46. Rg8+ Ke7 47. Re8+ Kf7 48. d8Q Rxd8 49. Rxd8 b3 50. Rb8 Ke6 51. Rb4 Ke5 52. Kc5 Kf5 53. Kd5 h5 54. Rf4+ Kg5 55. Rxa4 1-0

[Event "Titled Tuesday intern op 07th Dec"]
[Site "Chess.com INT"]
[Date "2021.12.07"]
[Round "11"]
[White "Iljushina, Olga"]
[Black "Guevara, Robert N"]
[Result "0-1"]
[WhiteElo "2054"]
[BlackElo "1993"]
[PlyCount "122"]
[EventDate "2021.12.07"]
[EventType "swiss (blitz)"]
[EventRounds "11"]
[EventCountry "USA"]
[SourceTitle "CBM 205 Extra"]
[Source "ChessBase"]
[SourceDate "2022.01.31"]
[SourceVersion "1"]
[SourceVersionDate "2022.01.31"]
[SourceQuality "1"]

1. d4 e6 2. c4 d5 3. Nc3 f5 4. Bf4 c6 5. e3 Nf6 6. Nf3 Be7 7. Be2 0-0 8. h3 Bd7 9. Qc2 Be8 10. Ng5 Bf7 11. g4 Ne4 12. Nxf7 Rxf7 13. f3 Bh4+ 14. Kf1 Ng3+ 15. Bxg3 Bxg3 16. Kg2 Bh4 17. f4 Nd7 18. Raf1 Qe7 19. Rhg1 Kh8 20. Kh2 Raf8 21. g5 h6 22. Bh5 hxg5 23. Bxf7 Rxf7 24. fxg5 Bxg5 25. Qf2 Bh6 26. c5 f4 27. e4 e5 28. exd5 exd4 29. d6 Qe5 30. Ne2 Nxc5 31. Nxd4 f3+ 32. Kh1 Be3 33. Qh4+ Kg8 34. Nxf3 Rxf3 35. Rxf3 Bxg1 36. Kxg1 Qxd6 37. Rf2 Qd1+ 38. Kg2 Qd5+ 39. Kg1 Qd1+ 40. Rf1 Qd5 41. Qg4 Ne4 42. Rd1 Qc5+ 43. Kh2 Qf2+ 44. Qg2 Qf4+ 45. Kh1 Nf2+ 46. Kg1 Nxd1 47. Qe2 Qf2+ 48. Qxf2 Nxf2 49. Kxf2 Kf7 50. Ke3 Kg6 51. Kf4 Kh5 52. Kg3 c5 53. b3 b5 54. a3 g5 55. Kf3 Kh4 56. Kg2 c4 57. bxc4 bxc4 58. Kf3 c3 59. Ke2 Kxh3 60. Kd3 g4 61. Kxc3 g3 0-1

[Event "Titled Tuesday intern op 07th Dec"]
[Site "Chess.com INT"]
[Date "2021.12.07"]
[Round "10"]
[White "Kiseleva, Arina"]
[Black "Iljushina, Olga"]
[Result "1-0"]
[WhiteElo "1962"]
[BlackElo "2054"]
[PlyCount "115"]
[EventDate "2021.12.07"]
[EventType "swiss (blitz)"]
[EventRounds "11"]
[EventCountry "USA"]
[SourceTitle "CBM 205 Extra"]
[Source "ChessBase"]
[SourceDate "2022.01.31"]
[SourceVersion "1"]
[SourceVersionDate "2022.01.31"]
[SourceQuality "1"]

1. d4 Nf6 2. Nf3 e6 3. e3 c5 4. Bd3 b6 5. 0-0 Bb7 6. b3 d5 7. Bb2 Nbd7 8. Nbd2 Be7 9. Ne5 Nxe5 10. dxe5 Nd7 11. f4 0-0 12. Qh5 g6 13. Qh6 Re8 14. g4 Bf8 15. Qh3 Bg7 16. Nf3 h6 17. Rf2 Qc7 18. c4 Rad8 19. cxd5 Bxd5 20. e4 Bb7 21. g5 h5 22. f5 Nxe5 23. f6 Nxf3+ 24. Rxf3 Bf8 25. Rf2 c4 26. bxc4 Bc5 27. Raf1 Qf4 28. Be2 Qxg5+ 29. Kh1 Bxe4+ 30. Bf3 Bxf2 31. Bxe4 Bd4 32. Bc1 Qe5 33. Bxg6 fxg6 34. f7+ Kg7 35. fxe8Q Rxe8 36. Qf3 Kh8 37. Qf7 Qe4+ 38. Qf3 Qxf3+ 39. Rxf3 Kg7 40. h4 e5 41. Rd3 Rd8 42. Bg5 Rd7 43. Kg2 e4 44. Rd1 Kf7 45. Be3 Bxe3 46. Rxd7+ Ke6 47. Rxa7 Kf5 48. Rg7 Bc5 49. a4 Kf6 50. Rc7 Ke6 51. Rxc5 bxc5 52. a5 Kd6 53. Kf2 Kc6 54. Ke3 g5 55. hxg5 h4 56. Kxe4 h3 57. Kf3 h2 58. Kg2 1-0

[Event "Titled Tuesday intern op 07th Dec"]
[Site "Chess.com INT"]
[Date "2021.12.07"]
[Round "8"]
[White "Marcziter, Dmitrii"]
[Black "Iljushina, Olga"]
[Result "1-0"]
[WhiteElo "2264"]
[BlackElo "2054"]
[PlyCount "39"]
[EventDate "2021.12.07"]
[EventType "swiss (blitz)"]
[EventRounds "11"]
[EventCountry "USA"]
[SourceTitle "CBM 205 Extra"]
[Source "ChessBase"]
[SourceDate "2022.01.31"]
[SourceVersion "1"]
[SourceVersionDate "2022.01.31"]
[SourceQuality "1"]

1. d4 d5 2. c4 c6 3. Nf3 Nf6 4. Nc3 dxc4 5. e4 b5 6. e5 Nd5 7. Ng5 Bf5 8. e6 f6 9. Nf7 Qc8 10. Nxh8 Qxe6+ 11. Be2 g6 12. 0-0 Bg7 13. Nxg6 hxg6 14. a4 Nd7 15. axb5 Nxc3 16. bxc3 cxb5 17. Bf3 Rd8 18. Rxa7 Bd3 19. Re1 Qd6 20. Ba3 1-0

[Event "Titled Tuesday intern op 30th Nov"]
[Site "Chess.com INT"]
[Date "2021.11.30"]
[Round "9"]
[White "Bogumil, Tatiana"]
[Black "Iljushina, Olga"]
[Result "0-1"]
[WhiteElo "2182"]
[BlackElo "2054"]
[PlyCount "96"]
[EventDate "2021.11.30"]
[EventType "swiss (blitz)"]
[EventRounds "11"]
[EventCountry "USA"]
[SourceTitle "CBM 205 Extra"]
[Source "ChessBase"]
[SourceDate "2022.01.31"]
[SourceVersion "1"]
[SourceVersionDate "2022.01.31"]
[SourceQuality "1"]

1. Nf3 d5 2. c4 d4 3. g3 c5 4. b4 Nc6 5. bxc5 e5 6. d3 Bxc5 7. Bg2 Nf6 8. 0-0 0-0 9. Ba3 Qe7 10. Bxc5 Qxc5 11. Nbd2 Bf5 12. Ng5 Rac8 13. Rb1 b6 14. Qa4 Bd7 15. Nge4 Nxe4 16. Nxe4 Qe7 17. Qb3 Be6 18. a4 f5 19. Nd2 e4 20. Qb2 e3 21. fxe3 dxe3 22. Nf3 f4 23. Ne5 Nxe5 24. Qxe5 fxg3 25. hxg3 Rxf1+ 26. Rxf1 Re8 27. Qxe3 Qb4 28. Bd5 Qc5 29. Qxc5 bxc5 30. e4 g6 31. Rb1 Bxd5 32. cxd5 c4 33. dxc4 Rxe4 34. Rc1 Rd4 35. Kf2 Kf7 36. Ke3 Rg4 37. Kf3 Rd4 38. Rc3 Ke7 39. Ke3 Rg4 40. Kf3 h5 41. c5 Rxa4 42. c6 Kd8 43. d6 Rd4 44. d7 Kc7 45. Re3 Kxc6 46. Re6+ Kxd7 47. Rxg6 Rd5 48. Ra6 Rd6 0-1